Fußball: Welcher Verein spielt in diesem Stadion? - Statistiken

Allgemein
  • Dieses Quiz wurde 276 mal gespielt
  • Das Durchschnittsergebnis liegt bei 13 aus 18
Antwortstatistiken
Hint Antwort % Korrekt
Stadion An der Alten Försterei Union Berlin
91%
Santiago Bernabeu Real Madrid
90%
Parc des Princes Paris Saint-Germain
89%
Anfield Liverpool
88%
Johan Cruyff Arena Ajax Amsterdam
86%
Millerntor-Stadion FC St. Pauli
85%
Stamford Bridge Chelsea
82%
Stadio Diego Armando Maradona SSC Neapel
82%
Estadio Metropolitano Atlético Madrid
75%
De Kuip Feyenoord Rotterdam
64%
Stade Vélodrome Olympique Marseille
64%
Estádio da Luz Benfica Lissabon
63%
Ibrox Stadium Glasgow Rangers
63%
Stadion Wankdorf Young Boys Bern
63%
San Mamés Athletic Bilbao
60%
St. Jakob-Park FC Basel
54%
Jan Breydelstadion Club Brügge
53%
Estádio do Dragão FC Porto
53%
Keine übereinstimmenden Quizze gefunden
Verteilung der Resultate
Anzahl Personen mit jedem Resultat
Perzentil nach korrekt beantworteten Fragen
Ihre Resultats-Entwicklung
Sie haben dieses Quiz noch nicht gespielt